000 01256nam0a2200349 4500
001 RU\NLR\bibl\376947
005 20250622152216.0
010 _a5-85907-283-X
_910000
021 _aRU
_b2003-2354
_9104
021 _aRU
_b2003-58813
_92874
035 _a(NLR Aleph) 000371410
090 _a398027
_c398027
100 _a20030304d2003 |||y0rusy50 ca
101 0 _arus
102 _aRU
105 _aa |||||||||
200 1 _aРемонтируем ВАЗ-1111, -11113 "Ока"
_eИл. руководство
210 _aМ.
_cЗа рулем
_d2003
215 _a223 с.
_cил.
_d29
225 1 _aСвоими силами
606 0 _a"Ока", легковые автомобили микролитражные
_jРуководства, пособия и т.п.
_xРемонт
_92097547
_3RU\NLR\auth\661268969
606 0 _aАвтомобили ВАЗ "Ока"
_jРуководства, пособия и т.п.
_xРемонт
_91384836
_3RU\NLR\auth\66581584
675 _a629.33.08
_v3
_zrus
686 _a55.43
_2rugasnti
686 _a39.33-08
_2rubbk
686 _aО335.526-083я7
801 0 _aRU
_bRKP
_c20030304
_gPSBO
801 1 _aRU
_bRKP
_c20030304
801 2 _aRU
_bNLR
_c20030407
_grcr
942 _cBOOK
980 _aNB